Online
Catalog

Cristobal Colón : (Record no. 20564)

MARC details
000 -CABECERA
campo de control de longitud fija 01878nam a2200313 i 4500
001 - NÚMERO DE CONTROL
campo de control 000021061
003 - IDENTIFICADOR DEL NÚMERO DE CONTROL
campo de control DO-SdBNP
005 - FECHA Y HORA DE LA ÚLTIMA TRANSACCIÓN
campo de control 20250318154152.0
008 - DATOS DE LONGITUD FIJA--INFORMACIÓN GENERAL
campo de control de longitud fija 100830s2000 dr c 000 0 spa d
040 ## - FUENTE DE LA CATALOGACIÓN
Centro catalogador/agencia de origen DO-SdBNP
Lengua de catalogación spa
Centro/agencia transcriptor BNPHU
Normas de descripción rda
049 ## - FONDOS LOCALES (OCLC)
Fondos de biblioteca BNPD
082 #4 - NÚMERO DE LA CLASIFICACIÓN DECIMAL DEWEY
Número de clasificación 972.9302
Número de documento/Ítem C933c
Número de edición 22
245 00 - MENCIÓN DE TÍTULO
Título Cristobal Colón :
Resto del título antropología e historia del encuentro de dos mundos /
Mención de responsabilidad, etc. edición José G. Guerrero y Harold Olsen Bogaert.
250 ## - MENCIÓN DE EDICIÓN
Mención de edición 2a edición
264 #4 - PRODUCCIÓN, PUBLICACIÓN, DISTRIBUCIÓN, FABRICACIÓN Y COPYRIGHT
Producción, publicación, distribución, fabricación y copyright Santo Domingo :
Nombre del de productor, editor, distribuidor, fabricante Museo del Hombre Dominicano
-- Secretaría de Estado de Cultura,
Fecha de producción, publicación, distribución, fabricación o copyright 2000.
300 ## - DESCRIPCIÓN FÍSICA
Extensión 69 páginas :
Otras características físicas retratos ;
Dimensiones 21 cm.
336 ## - TIPO DE CONTENIDO
Término de tipo de contenido texto
Código de tipo de contenido txt
Fuente rdacontent
337 ## - TIPO DE MEDIO
Nombre/término del tipo de medio sin mediación
Código del tipo de medio n
Fuente rdamedia
338 ## - TIPO DE SOPORTE
Nombre/término del tipo de soporte volumen
Código del tipo de soporte nc
Fuente rdacarrier
505 2# - NOTA DE CONTENIDO CON FORMATO
Nota de contenido con formato Presentación /
Mención de responsabilidad Carlos Andújar Persinal --
Título Colón en busca de la India encontró América /
Mención de responsabilidad José G. Guerrero --
Título Las Antillas del descubrimiento: arqueología y etnología /
Mención de responsabilidad José G. Guerrero y Marcio Veloz Maggiolo --
Título Guanahaní, 12 de octubre de 1492 /
Mención de responsabilidad Carlos Hernández Soto --
Título El escudo colombino: una propuesta para el V Centenario /
Mención de responsabilidad Juan Rodríguez --
Título apuntes para el estudio de la geografía prehispánica de la Isla de Santo Dominigo /
Mención de responsabilidad Dato Pagán Perdomo --
Título La utopía colombiana /
Mención de responsabilidad Fernándo Pérez Memén --
Título Antropología física de los aborígenes a la llegada de Colón /
Mención de responsabilidad Fernándo Luna Calderón --
Título Huellas museográficas de Cristbal Colón /
Mención de responsabilidad Moisés E. De Soto David.
590 ## - NOTA LOCAL (RLIN)
Nota local Inventariado, 2024/BT
600 14 - PUNTO DE ACCESO ADICIONAL DE MATERIA--NOMBRE DE PERSONA
Nombre de persona Colón, Cristobal,
Fechas asociadas al nombre 1436-1456
9 (RLIN) 19795
651 #4 - PUNTO DE ACCESO ADICIONAL DE MATERIA--NOMBRE GEOGRÁFICO
Nombre geográfico República Dominicana
Subdivisión general Historia
9 (RLIN) 170
651 #4 - PUNTO DE ACCESO ADICIONAL DE MATERIA--NOMBRE GEOGRÁFICO
Nombre geográfico América --
Subdivisión general Descubrimiento y exploración --
-- Españoles
9 (RLIN) 544
Subdivisión de forma Ensayo, conferencias, etc.
700 1# - PUNTO DE ACCESO ADICIONAL--NOMBRE DE PERSONA
Nombre de persona Guerrero, José G.,
Término indicativo de función/relación editor
Código de función/relación ed.
9 (RLIN) 18729
700 1# - PUNTO DE ACCESO ADICIONAL--NOMBRE DE PERSONA
Nombre de persona Olsen Bohaert, Harold,
Término indicativo de función/relación editor
Código de función/relación ed.
9 (RLIN) 44050
910 ## - DATOS DE OPCIÓN DEL USUARIO (OCLC)
Datos de opción del usuario Btavárez
942 ## - ELEMENTOS DE PUNTO DE ACCESO ADICIONAL (KOHA)
Fuente del sistema de clasificación o colocación Dewey Decimal Classification
Tipo de ítem Koha Libro
Holdings
Estado de retiro Estado de pérdida Fuente del sistema de clasificación o colocación Restricciones de uso No para préstamo Código de colección Localización permanente Ubicación/localización actual Ubicación en estantería Fecha de adquisición Total de préstamos Signatura topográfica completa Código de barras Fecha visto por última vez Precio válido a partir de Tipo de ítem Koha Fuente de adquisición Número de copia Nota pública
    Dewey Decimal Classification Excluido de préstamo   Patrimonio Dominicano Biblioteca Nacional Pedro Henríquez Ureña Biblioteca Nacional Pedro Henríquez Ureña En catalogación 30.08.2010   BNPHU PD 972.9302 C933c 21061-10 25.06.2020 25.06.2020 Libro      
    Dewey Decimal Classification Excluido de préstamo   Patrimonio Dominicano Biblioteca Nacional Pedro Henríquez Ureña Biblioteca Nacional Pedro Henríquez Ureña En catalogación 30.09.2024   BNPHU PD 972.9302 C933c 2024-5484 30.09.2024 30.09.2024 Libro Donado por la Presidencia de la República Dominicana e.2 Perteneció a la biblioteca personal de Emilio Cordero Michel.

Powered by Koha